| 000 | 01361nam0a2200325 4500 | ||
|---|---|---|---|
| 001 | RU\NLR\ONL2\6689 | ||
| 005 | 20250613130114.0 | ||
| 010 |
_a5-295-03786-X _92700 |
||
| 035 | _a(NLR Aleph) 009654284 | ||
| 090 |
_a9583326 _c9583326 |
||
| 100 | _a20070220d2006 |||y0rusy50 ca | ||
| 101 | 0 | _abak | |
| 102 | _aRU | ||
| 105 | _ay ||||||||| | ||
| 200 | 1 |
_aЕрле hөйләш шарттарында башkорт теленә өйрәтеу методикаhы _fР. Ғ. Аҙнағолов |
|
| 210 |
_aӨфө _cКитап _d2006 |
||
| 215 |
_a149,[1] б. _d20 |
||
| 320 | _aБиблиогр.: с. 146-148 (44 назв.) | ||
| 541 | 1 |
_aМетодика обучения башкирскому языку в условиях местного говора _eпособие для учителей. _zrus |
|
| 606 | 0 |
_aБашкирский язык _xПреподавание _xСредняя школа _92291280 _3RU\NLR\AUTH\661372232 |
|
| 686 | 1 | _aЧ426.153баш | |
| 700 | 1 |
_aАҙнағолов _bР. Ғ. _gРафаэль Ғәйнетдин улы _4070 |
|
| 790 | 1 |
_aАзнагулов _bР. Г. _gРафаэль Гайнетдинович _4070 |
|
| 801 | 0 |
_aRU _bNLR _c20070220 _gPSBO |
|
| 852 |
_aNLR _bОНЛ _jБашк./2-4473 |
||
| 942 | _cBOOK | ||
| 980 | _aNB | ||
| 980 | _aONL_RF | ||